000 00414cam a2200181 4500
001 D12633
008 090401t1931 xxu||||| |||| 00| 0 eng d
035 _a(Sirsi) u4849
041 _aeng
100 _aDicksee, Bernard
245 4 _aThe London Building Act 1930
250 _a6th
260 _aLondon
_bEdward Stanford Ltd
_c1931
350 _a0
520 _aShelf 153
942 _n0
948 _c04/03/1997
999 _c86074
_d86074